[Event "Beersheba"]
[Site "Beersheba"]
[Date "1993.??.??"]
[Round "11"]
[White "Psakhis, Lev"]
[Black "Mikhalevski, Alexander"]
[Result "1/2-1/2"]
[WhiteElo "2585"]
[BlackElo "2440"]
[Annotator "Wolff,P"]
[PlyCount "69"]
[EventDate "1993.??.??"]
[EventType "tourn"]
[EventRounds "11"]
[EventCountry "ISR"]
[EventCategory "12"]
[SourceTitle "CBM 038"]
[Source "ChessBase"]
[SourceDate "1994.02.01"]
[SourceVersion "1"]
[SourceVersionDate "1994.02.01"]
[SourceQuality "1"]

1. e4 e5 2. Nf3 Nc6 3. Bb5 a6 4. Ba4 Nf6 5. Qe2 b5 6. Bb3 Na5 $5 {Normal is 6..
.Be7 or 6...Bc5(!)} 7. Nxe5 Nxb3 8. axb3 Qe7 9. d4 d6 (9... Qb4+ $6 10. Nc3
Qxd4 11. Nf3 Qc5 12. e5 Nd5 13. Ne4 $16) 10. Nc6 Qxe4 11. Qxe4+ Nxe4 12. O-O
Bf5 (12... Kd7 13. Na5 (13. d5 $2 Bb7 $17 {><d5}) 13... c6 (13... d5 14. f3 Nd6
15. Bf4 Nf5 16. Rd1 $14 {Given as "+/-" by ECO from Lukin-Kaminsky, USSR 1968,
but Black played very badly.}) 14. Re1 Nf6 15. c4 Kc7 $14 {
Guregenidze-Nikolaevsky, USSR (ch) 1967}) 13. c4 bxc4 14. bxc4 Kd7 15. d5 $146
(15. Rxa6 Rxa6 16. Nb8+ Kc8 17. Nxa6 d5 (17... c5 $5 {/\ 18...Kb7-+} 18. b4 (
18. g4 Bxg4 19. f3 Bh3 20. Re1 (20. fxe4 $4 Bxf1 21. Kxf1 Kb7 $19) 20... Nf6
21. b4 Kb7 (21... cxb4 22. Nxb4 $16) (21... d5 22. dxc5 dxc4 23. b5 $16) 22. b5
$13) 18... Kb7 19. b5 cxd4 $13 (19... Nf6 20. Be3 $16)) 18. f3 {"+/=" -- ECO,
Novicky-Kamenecky, corr. 1968} (18. cxd5 $2 Kb7 19. g4 (19. f3 Nf6 $19 {פb1})
(19. Nc5+ Nxc5 $19 {פb1}) 19... Bxg4 20. f3 Bh3 21. Re1 Nf6 22. Nc5+ Bxc5 23.
dxc5 Nxd5 $17) (18. g4 $2 Bxg4 19. f3 Bh3 20. Re1 Nf6 $17) (18. c5 $2 Kb7 19.
Nb4 Nxc5 $17) 18... Nd6 $132 {Black is OK!!}) 15... Be7 16. b4 (16. Nxe7 Kxe7
17. Be3 h5 $1 (17... Rhb8 18. Bd4 f6 19. g4 $1 Bg6 20. f4 $14) 18. Re1 Kd7 $10)
16... Bf6 17. Ra3 h5 18. Be3 Rhe8 19. f3 Nc3 $1 20. Nxc3 Rxe3 21. Rc1 Rae8 $15
{^^} 22. c5 dxc5 23. bxc5 Rd3 24. f4 Be4 25. Ne5+ Bxe5 26. c6+ Kd8 27. fxe5
Bxd5 28. Rxa6 Rxe5 29. Ra8+ Ke7 30. Nxd5+ Rdxd5 31. Rc8 Kd6 32. Rd8+ Ke6 33.
Rc8 Kd6 34. Rd8+ Ke7 35. Rc8 1/2-1/2

[Event "Sharjah FIDE GP"]
[Site "Sharjah"]
[Date "2017.02.20"]
[Round "3"]
[White "Vachier Lagrave, Maxime"]
[Black "Mamedyarov, Shakhriyar"]
[Result "1/2-1/2"]
[WhiteElo "2796"]
[BlackElo "2766"]
[Annotator "Yermolinsky,A"]
[PlyCount "101"]
[EventDate "2017.02.18"]
[EventType "swiss"]
[EventRounds "9"]
[EventCountry "UAE"]
[SourceTitle "CBM 177"]
[Source "ChessBase"]
[SourceDate "2017.03.16"]
[SourceVersion "1"]
[SourceVersionDate "2017.03.16"]
[SourceQuality "1"]

1. e4 e5 2. Nf3 Nc6 3. Bb5 a6 4. Ba4 Nf6 5. O-O Be7 6. d3 b5 7. Bb3 d6 8. a3 {
Here we are, in Karjakin's preparation for the World Championship match.
Carlsen was never in trouble, but it served a practical purpose of extending
the match to the tie-breaks.} O-O 9. Nc3 Na5 10. Ba2 Be6 11. b4 {Following the
main line.} ({White can also change the pawn structure with} 11. Bxe6 fxe6 12.
b4 Nc6 13. Bd2 d5 14. Re1 Qd6 {There are a couple of intersting games form
high-profile players here. Caruana won a nice game against Aronian on his way
to an incredible 7-0 run at the 2nd Sinquefiled Cup, 2014 by trying a crafty}
15. Na2 ({the routine} 15. h3 Nd7 16. Ne2 a5 {worked out very well for Black
in Dominguez-Karjakin, 2013}) 15... Nd7 16. Qe2 {White's idea is to slow down
a6-a5 on account of} a5 17. bxa5 Nxa5 18. exd5 exd5 19. Rab1 $1 {with a double
threat against e5- and b5-pawns.}) (11. d4 Bxa2 12. Rxa2 Re8 13. Ra1 Nc4 14.
Re1 {was seen in Game 2 of the New York match. I guess, White's prospects are
not so exciting once light-squared bishops leave the board in a typical
Spanish structure.}) 11... Bxa2 12. Rxa2 Nc6 13. Bg5 Nd7 (13... Ng4 {was
played twice against Bacrot, first by Inarkiev, then by Fressinet. Neither one
exprienced any particular problem equalising. I guess, the absence of bishops
makes Black's task easier.}) 14. Be3 Nf6 15. Bg5 Nd7 16. Be3 Nf6 17. Qb1 d5 18.
exd5 {After teasing the audience with a prospect of short draw by repetition,
MVL shows his intention to fight by introducing a new move. Objectively
speaking it is not so good.} Nxd5 19. Nxd5 Qxd5 20. c4 $5 {This is the idea
behind the centre-surrendering trade on d5. MVL pns his hopes on active play
on the queenside.} bxc4 21. dxc4 Qe6 {Mamedyarov correctly decides to keep the
queenside action to a minimum, planning his counterplay in the centre and,
possibly, kingside.} (21... Qxc4 {is not so good, because White easily gets
his pawn back with interest:} 22. Rc2 Qe6 23. Qc1 Na7 24. Rxc7 Nb5 25. Rc6) 22.
Qe4 ({The right way to hold the balance (yes, Virginia, it is time for White
to do so) was to be found in} 22. Rd2 $1 Rad8 23. Qc2 f5 24. Rd5 $1 {White's
activity is just enough.} Rxd5 (24... e4 25. Nd4 Nxd4 26. Bxd4 Rxd5 (26... c6
27. Re5 Qf7 28. Rxe7 Qxe7 29. Bc5 Qe6 30. Bxf8 Kxf8 31. Rd1 {Old Capablanca's
advice - when in trouble trade rooks!}) 27. cxd5 Qxd5 28. Qxc7 Qxd4 29. Qxe7
$11) 25. cxd5 Qxd5 26. Rc1 Rd8 {and now both} 27. Qxf5 ({and} 27. h3 {are good
enough.})) 22... Rad8 $1 ({White could only dream of} 22... f5 23. Qd5) 23. g4
{This is not an attacking move, but rather a last-ditch attempt to stop
Black's e- and f- pawns from advancing on White's minor pieces.} (23. Rd2 f5
24. Qc2 Rxd2 25. Nxd2 (25. Bxd2 e4) 25... f4) 23... h5 {Mamedyarov had other
interesting choices.} (23... g6 24. g5 a5 25. b5 Nd4 {was one of them, but
here after} 26. Bxd4 exd4 27. Qxe6 fxe6 28. Ne5 Bxg5 29. Rd1 {White would
easily hold a light-square blockade.}) ({I'm surprised he didn't go for} 23...
f5 24. gxf5 Rxf5 25. Kh1 Rdf8 26. Nd2 Bg5 {Such aggressive play would be right
up Shakh's alley.}) 24. g5 Qg4+ 25. Qxg4 hxg4 26. Nh4 $1 {The knight looks
ugly there, but the fight is on for the f5-square, and White needs all hands
on deck.} (26. Nd2 Rd3 27. Kg2 f5 28. gxf6 gxf6 {followed by f6-f5 is a free
ride for Black.}) 26... g6 {A solid way of handling the position. Black aims
to keep Nh4 out of play.} ({In the event of} 26... Nd4 27. Kg2 Ne6 {White
would have} 28. Re1 {at least temporarily maintaining the balance.}) 27. Kh1 e4
({I looked at} 27... Nd4 28. Rg1 Nf5 29. Rxg4 Nxe3 30. fxe3 Rd3 {but there
White survives:} 31. Re4 Bxg5 32. Nf3 Bxe3 33. Nxe5 Rb3 $1 (33... f5 34. Nxd3
fxe4 35. Ne5 {after trading a pair of rooks White no longer has to worry about
getting mated, and the king will help to neutralise the e4-pawn.}) 34. Nc6 f5
35. Re7 f4 36. Ra1 Rf7 37. Re6 Kh7 38. Rd1 Rxa3 39. Ne5 {At the cost of the
useless pawn on the queenside White has consolidated his forces and is now
ready to create some chances against the black king, while keeping the f-pawn
under control.}) 28. Rg1 Ne5 29. Bf4 Nxc4 30. Rxg4 {It's understandable Maxime
wanted to resolve the situation on the K-side.} ({Probably} 30. Bxc7 {was
stronger, but Black would have kept the pressure on after} Rd3 31. Rxg4 Rc8 32.
Bg3 Nd2) 30... c5 $1 {A timely strike to break up White's stronghold on the
queenside while his pieces are all tangled up elsewhere.} 31. bxc5 Bxc5 32. Rc2
Rd4 33. Rg3 (33. h3 {was the only way to get the knight back into play. Of
course, after} Bxa3 34. Ng2 Re8 35. Ne3 Nd2 {Black stays up a pawn with good
winning chances.}) 33... Re8 34. Kg2 {A sad admission that the Nh4 won't be
returning to play any time soon.} Bf8 35. Rgc3 {A good practical choice.} ({
It's very hard for White to avoid losing the a-pawn anyway:} 35. a4 Ne5) 35...
Nxa3 36. Ra2 Rd3 37. Rc6 a5 {To all intents and purposes White is busted.
Knowing that full well, Maxime plays out his last chance.} 38. Nxg6 $5 fxg6 39.
Rxg6+ {Such twists in the plot are designed to leave the opponent confused and
disoriented.} Kh7 $6 {The very first move is somewhat inaccurate. Why invite
the future g5-g6 with check when White's rook is not well placed on g6 anyway?}
({The sample line,} 39... Kh8 40. h4 ({Let's try the game move order,} 40. Rc6
Bb4 41. h4 Nb5 42. h5 Nc3 43. Rc2 Nd5 {The difference is visible now: White
didn't have time to push the g-pawn forward and create a safe square on g5 for
the much-needed bishop. He's left with only one option,} 44. Bc1 a4 45. g6 a3
46. h6 Rg8 47. Rc8 Bc3 {which should come short of saving the game.}) 40... Rf3
41. Bc7 Bb4 42. h5 Nc4 43. Re2 Rf5 44. Rh6+ Kg7 45. Rg6+ Kf7 {proves the point.
}) 40. Rc6 Bb4 41. h4 Nb5 42. h5 Nc3 $2 {Shakh swings wildly and totally
misses the mark.} ({The knight was badly needed on the kingside to help
dealing with White's advancing pawns:} 42... Nd4 43. Rc7+ (43. Ra6 Ne6 44. g6+
Kg8) 43... Kg8 44. h6 Nf5 {would be referred to as "job well done".}) 43. Rc2
Nd5 44. g6+ Kg8 45. Bg5 Rf3 46. h6 {Now White's setup looked very threatening,
and Shakh felt he had no choice but to allow a draw.} Nf4+ 47. Bxf4 Rxf4 48.
Rc8 Rxc8 49. Rxc8+ Rf8 50. Rc7 Rf6 51. Rc8+ {A somewhat lucky escape from MVL,
who at the end of the day was able to protect his leading position.} 1/2-1/2

[Event "Palma de Mallorca FIDE GP"]
[Site "Palma de Mallorca"]
[Date "2017.11.18"]
[Round "3"]
[White "Vachier Lagrave, Maxime"]
[Black "Aronian, Levon"]
[Result "1/2-1/2"]
[WhiteElo "2796"]
[BlackElo "2801"]
[Annotator "Yermolinsky,A"]
[PlyCount "92"]
[EventDate "2017.11.16"]
[EventType "swiss"]
[EventRounds "9"]
[EventCountry "ESP"]
[SourceTitle "CBM 182"]
[Source "ChessBase"]
[SourceDate "2018.01.17"]
[SourceVersion "1"]
[SourceVersionDate "2018.01.17"]
[SourceQuality "1"]

1. e4 e5 2. Nf3 Nc6 3. Bb5 a6 4. Ba4 Nf6 5. O-O Be7 6. d3 b5 7. Bb3 d6 8. a3
O-O 9. Nc3 Na5 10. Ba2 Be6 11. b4 Bxa2 12. Rxa2 Nc6 13. Bg5 Nd7 14. Bd2 Nf6 15.
Re1 {MVL must be analysing his own games very deeply. He likes to repeat them,
and can always be counted on for new ideas.} ({Their previous encounter in
this line, World Cup (game 8), saw Maxime embarking on a somewhat artificial
queen manoeuvre} 15. Qb1 {Levon reacted quickly,} d5 16. Bg5 dxe4 17. dxe4 Qd6
18. Qb3 {and took the initiative after} Nd4 {although the game was eventually
drawn.}) 15... Qd7 ({I wonder if} 15... d5 {was possible here.}) 16. Nd5 $5 {
A radical way of stopping Black's ambitions in the centre.} Nxd5 17. exd5 Nd8
$2 {An unexpected retreat.} ({It's hard to tell what Levon didn't like about
the natural} 17... Nd4 {Black puts his bishop on f6 and prepares c7-c6. Say,
White can try} 18. c4 {but then} Nxf3+ 19. Qxf3 bxc4 20. dxc4 f5 {seems
playable.}) 18. a4 $1 {The bad position of the d8-knight makes White's
queenside offensive much more dangerous.} Rb8 19. c4 bxc4 20. dxc4 f5 21. b5 {
There was no rush to do this.} Ra8 22. Bc3 Nb7 23. Qc2 Bf6 24. Nd2 axb5 $6 {
I sensed some nervousness in Aronian's play around these parts.} ({If White
goes for a better pawn structure with} 24... Nc5 25. Bb4 e4 26. Bxc5 dxc5 27.
Nb3 {Black will pick up some counterplay after} Qd6 28. Na5 axb5 29. axb5 Be5
30. g3 Qf6 31. Nc6 Rxa2 32. Qxa2 f4 {Importantly, White has no passed pawns,
which wasn't the case in the game continuation.}) 25. cxb5 Qf7 26. Qxf5 Qxd5
27. Qc2 Nc5 28. Ne4 $1 {Maxime executes a simple plan of taking the game into
the endgame where his a-pawn will become a major factor.} Bh4 29. g3 Nxe4 30.
Rxe4 Bd8 31. Bb4 Rf3 32. Ra3 $1 {The more trades the better.} Rf7 $5 33. Qc4
Qxc4 34. Rxc4 d5 $5 {Levon seeks counterplay} ({rather than defend passively:} 
34... Kf8 35. a5 Ke7 36. a6 Kd7) 35. Rc2 d4 36. Rc5 $6 {I don't understand the
rationale behind MVL's desire to trade bishops.} (36. a5 Rd7 37. Bd2 Kf7 38.
Rc6 {looked like a good, solid plan of further campaigning.}) 36... Be7 37. Rc4
Bxb4 ({Engines call our attention to the risky-looking} 37... c5 $5 38. bxc6 (
38. Bd2 Bd6 {is actually quite good for Black, because White cannot advance
his pawns:} 39. a5 Rb7 40. Rb3 {while the black king is marching toward the
commanding post on d5.} Kf7) 38... Bxb4 39. Rxb4 Rc7 40. Rb5 ({Also, in the
line} 40. Rc4 Kf7 41. Rb3 Ke6 42. Rb7 Rac8 {the black king's presence in the
centre of the action makes White's pawn advantage short-lived.}) 40... Rxc6 41.
Rxe5 Rd6 {Black is hoping to achieve a trade of passed pawns, but he may not
be able to force it yet after} 42. Kf1 $1 d3 43. Ke1 d2+ 44. Kd1 Rc8 45. Ra1
$16) 38. Rxb4 Rd7 39. Kg2 $2 ({Just as in the previous note, the white king
has to blockade the d-pawn for White to have any winning chances, e.g.} 39. Kf1
Kf7 40. Ke2 Ke6 41. a5 Kd5 42. b6 cxb6 43. Rxb6 e4 44. a6 $14) 39... d3 40. Ra1
d2 41. Rd1 Rd4 42. Rxd4 exd4 43. Rxd2 Rxa4 {It is funny to see the engines
still cheering White on, while any 2000+ human player knows it's a dead draw.}
44. Rc2 Ra5 45. Rxc7 Rxb5 {Maxime didn't even bother trying to win the d4-pawn.
} 46. Rc8+ Kf7 1/2-1/2